FC 24 Versus - Statistics

General Stats
  • This quiz has been taken 10 times
    9 since last reset
  • The average score is 42 of 64
Answer Stats
Hint rat pos club player % Correct
Versus Fire 90 RW Manchester United Marcus Rashford
100%
Versus Ice 90 ST Manchester United Marcus Rashford
100%
Versus Fire 93 ST Al Hilal Neymar
100%
Versus Ice 93 LW Al Hilal Neymar
100%
Versus Fire 91 CDM Manchester City Rodri
100%
Versus Ice 91 CM Manchester City Rodri
100%
Versus Fire 90 ST Tottenham Hotspur Son Heung-Min
100%
Versus Ice 90 CAM Tottenham Hotspur Son Heung-Min
100%
Versus Fire 88 CB Real Madrid Antonio Rüdiger
89%
Versus Ice 88 CDM Real Madrid Antonio Rüdiger
89%
Versus Fire 88 CM FC Barcelona Gavi
89%
Versus Ice 88 CM FC Barcelona Gavi
89%
Versus Fire 88 CB Sevilla Sergio Ramos
89%
Versus Ice 88 CDM Sevilla Sergio Ramos
89%
Versus Fire 89 CB OL Féminin Wendie Renard
89%
Versus Ice 89 CDM OL Féminin Wendie Renard
89%
Versus Fire 88 CB AC Milan Fikayo Tomori
78%
Versus Ice 88 CDM AC Milan Fikayo Tomori
78%
Versus Fire 88 RB Newcastle Kieran Trippier
78%
Versus Ice 88 CM Newcastle Kieran Trippier
78%
Versus Fire 88 GK Bayer Leverkusen Lukas Hrádecký
78%
Versus Ice 88 GK Bayer Leverkusen Lukas Hrádecký
78%
Versus Fire 88 LW Bayern Munich Kingsley Coman
67%
Versus Ice 88 RW Bayern Munich Kingsley Coman
67%
Versus Fire 86 RW Paris Saint-Germain Marco Asensio
67%
Versus Ice 86 CAM Paris Saint-Germain Marco Asensio
67%
Versus Fire 88 CM Al-Ahli Roberto Firmino
67%
Versus Ice 88 ST Al-Ahli Roberto Firmino
67%
Versus Fire 88 ST Inter Milan Alexis Sánchez
56%
Versus Ice 88 CAM Inter Milan Alexis Sánchez
56%
Versus Fire 86 LB Al-Nassr Alex Telles
56%
Versus Ice 86 CM Al-Nassr Alex Telles
56%
Versus Fire 87 ST Atlético Madrid Álvaro Morata
56%
Versus Ice 87 ST Atlético Madrid Álvaro Morata
56%
Versus Fire 87 RB Bayern Munich Dayot Upamecano
56%
Versus Ice 87 CB Bayern Munich Dayot Upamecano
56%
Versus Fire 88 LW FC Barcelona João Félix
56%
Versus Ice 88 CF FC Barcelona João Félix
56%
Versus Fire 85 RWB AS Roma Leonardo Spinazzola
56%
Versus Ice 85 LWB AS Roma Leonardo Spinazzola
56%
Versus Fire 89 RW Orlando Pride Marta
56%
Versus Ice 89 CAM Orlando Pride Marta
56%
Versus Fire 87 LM Aston Villa Moussa Diaby
56%
Versus Ice 87 RM Aston Villa Moussa Diaby
56%
Versus Fire 88 LW Chelsea Raheem Sterling
56%
Versus Ice 88 RW Chelsea Raheem Sterling
56%
Versus Fire 87 LW Tottenham Hotspur Richarlison
56%
Versus Ice 87 ST Tottenham Hotspur Richarlison
56%
Versus Fire 85 RW Sassuolo Armand Laurienté
44%
Versus Ice 85 LW Sassuolo Armand Laurienté
44%
Versus Fire 88 LB Chelsea Women Ashley Lawrence
44%
Versus Ice 88 RB Chelsea Women Ashley Lawrence
44%
Versus Fire 87 LB Freiburg Christian Günter
44%
Versus Ice 87 RB Freiburg Christian Günter
44%
Versus Fire 86 CF Liverpool Cody Gakpo
44%
Versus Ice 86 LW Liverpool Cody Gakpo
44%
Versus Fire 86 CAM RB Leipzig Dani Olmo
44%
Versus Ice 86 CAM RB Leipzig Dani Olmo
44%
Versus Fire 87 LB Real Madrid Eduardo Camavinga
44%
Versus Ice 87 CDM Real Madrid Eduardo Camavinga
44%
Versus Fire 87 CAM Real Betis Isco
33%
Versus Ice 87 CAM Real Betis Isco
33%
Versus Fire 85 CM Nantes Moussa Sissoko
33%
Versus Ice 85 CM Nantes Moussa Sissoko
33%
No matching quizzes found
Score Distribution
Percent of People with Each Score
Percentile by Number Answered
Your Score History
You have not taken this quiz since the last reset